Gehe nicht nach Afrika! - Sudden Death - Statistiken

Allgemein
  • Dieses Quiz wurde 1.524 mal gespielt
    1.523 seit der letzten Aktualisierung
  • Das Durchschnittsergebnis liegt bei 9 aus 22
Answers on the Grid
Answers color-coded by a green-red scale on the quiz's grid according to % correct below.
Italien
Uruguay
Laos
Nepal
Kamerun
Mali
Äthiopien
Mosambik
Irak
Guinea-Bissau
Schweden
Sudan
Tonga
Slowenien
Ruanda
Somalia
Tadschikistan
Kuwait
Angola
Tunesien
Ghana
Irland
Äquatorialguinea
Kenia
Libanon
Liechtenstein
Costa Rica
Lesotho
Tansania
Namibia
Australien
Dschibuti
Mongolei
Belize
Litauen
Zypern
Jemen
Chile
Benin
Niederlande
Sierra Leone
Madagaskar
Gambia
Ägypten
Grenada
Tschad
El Salvador
Burkina Faso
Burundi
Nauru
 
Antwortstatistiken
Antwort % Korrekt
Italien
97%
Nepal
84%
Uruguay
84%
Irak
80%
Laos
74%
Slowenien
41%
Irland
33%
Tonga
32%
Kuwait
31%
Zypern
31%
Australien
30%
Liechtenstein
30%
Tadschikistan
30%
Chile
29%
Costa Rica
29%
Jemen
28%
Niederlande
28%
Litauen
26%
Belize
25%
Grenada
25%
Mongolei
25%
Nauru
25%
Keine übereinstimmenden Quizze gefunden
Verteilung der Resultate
Anzahl Personen mit jedem Resultat
Perzentil nach korrekt beantworteten Fragen
Ihre Resultats-Entwicklung
Sie haben dieses Quiz seit der letzten Aktualisierung nicht gespielt